5 derniers pays par ordre alphabétique par continent - Statistiques

Statistiques générales
  • Ce quiz a été pris 10 723 fois
  • Le résultat moyen est 18 sur 30
Statistiques - réponses
Continent Pays % Correct
Afrique Zimbabwe
96%
Afrique Zambie
91%
Amérique du Sud Venezuela
84%
Amérique du Sud Uruguay
83%
Europe Vatican
76%
Asie Yémen
75%
Amérique du Sud Paraguay
73%
Amérique du Sud Pérou
70%
Amérique du Sud Suriname
69%
Océanie Vanuatu
69%
Europe Ukraine
66%
Europe Suède
63%
Océanie Tuvalu
63%
Europe Slovénie
61%
Asie Turquie
61%
Océanie Tonga
60%
Asie Viêt Nam
58%
Amérique du Nord Sainte-Lucie
56%
Asie Turkménistan
55%
Amérique du Nord Saint-Vincent-et-les-Grenadines
54%
Océanie Samoa
54%
Amérique du Nord Saint-Christophe-et-Niévès
53%
Amérique du Nord Trinité-et-Tobago
52%
Europe Suisse
51%
Afrique Togo
51%
Amérique du Nord Salvador
47%
Afrique Tunisie
42%
Afrique Tchad
37%
Asie Timor Oriental
36%
Océanie Papouasie-Nouvelle-Guinée
30%
Aucun quiz correspondant
Distribution des résultats
% des personnes avec chaque résultat
Percentile par nombre de réponses
Votre historique - résultats
Vous n’avez pas pris ce quiz